000 00272pab a2200109 454500
008 180718b xxu||||| |||| 00| 0 eng d
100 _aKothari, Ashish
245 _aPolice atrocities at Manibeli: Report of a visit
650 _aPolice
773 _aMainstream
909 _a21568
999 _c21568
_d21568